000 00393nam a2200145 i 4500
001 32640
003 ES-MaACL
005 20230906154617.0
007 t|
008 030131s1920 fr ||||1| fre d
100 1 _aBerlioz, Hector.
_928067
245 1 0 _a1803-1869
_b: les troques ronen /
_cHector Berlioz.
260 _aRonen :
_b[s.n.,
_c1920] (
_fImp. León Sy)
852 _aES-MaACL
_j1586-F-2
999 _c32640
_d32640